banner-ar

GROWTH AND ILLNESS PATTERNS OF LEBANESE INFANTS ( BIRTH - 18 MONTHS ) / (Record no. 15006)

MARC details
000 -الفاتح
حقل البيانات ثابتة الطول 00618nam a2200205Ia 4500
008 - عناصر البيانات ثابتة الطول - معلومات عامة
حقل البيانات ثابتة الطول 140319s9999 xx 000 0 eng d
040 ## - مصدر الفهرسة
وكالة الفهرسة الأصلية GCL /
وكالة النسخ GCL
082 04 - رقم تصنيف ديوى العشرى
رقم التصنيف 618
رقم المادة 900092
-- H G
100 1# - المدخل الرئيسى - إسم شخصى
الإسم الشخصى HARFOUCHE, JAMAL KARAM
245 10 - بيان العنوان
العنوان GROWTH AND ILLNESS PATTERNS OF LEBANESE INFANTS ( BIRTH - 18 MONTHS ) /
بيان المسئوليه,etc HARFOUCHE, JAMAL KARAM
260 ## - PUBLICATION, DISTRIBUTION, ETC. (IMPRINT)
تاريخ النشر أو التوزيع 1966
300 ## - الوصف المادى
التعداد 277 P
650 04 - المدخل الاضافى بالموضوع-مصطلح موضوعى
مصطلح موضوعي CHILDREN - LEBANON
650 04 - المدخل الاضافى بالموضوع-مصطلح موضوعى
مصطلح موضوعي INFANTS - CARE
650 04 - المدخل الاضافى بالموضوع-مصطلح موضوعى
مصطلح موضوعي CHILDREN - GROWTH
650 04 - المدخل الاضافى بالموضوع-مصطلح موضوعى
مصطلح موضوعي CHILDREN - TREATMENT-LEBANON
650 04 - المدخل الاضافى بالموضوع-مصطلح موضوعى
مصطلح موضوعي CHILDREN - DISEASES - LEBONAN
942 ## - عناصر المدخل الإضافي( كوها)
مصدر التصنيف او مخطط الترفيف Dewey Decimal Classification
Koha [default] item type كتاب
260 ## - PUBLICATION, DISTRIBUTION, ETC. (IMPRINT)
-- [S.N] :
-- KHAYATS ،
Holdings
حالة التراجع حالة الفقد حالة تلف ليس للاعارة المكان المؤقت الموقع الحالى تاريخ الاكتساب اجمالي اﻻعارات رقم الطلب الباركود تاريخ اخر مشاهدة تاريخ تفعيل السعر نوع وعاء كوها
        مكتبة القاهرة الكبرى مكتبة القاهرة الكبرى 03/26/2014   618\900092\H G 28009 03/26/2014 03/26/2014 كتاب

Powered By

EGPV